Tradiciones y artículos históricos / (Record no. 161317)

MARC details
000 -LEADER
campo de control de longitud fija 00758nam a2200217 i 4500
001 - NÚMERO DE CONTROL
campo de control 161317
003 - IDENTIFICADOR DE NÚMERO DE CONTROL
campo de control ES-MaACL
005 - FECHA Y HORA DE LA ÚLTIMA TRANSACCIÓN
campo de control 20251004063211.0
008 - DATOS DE LONGITUD FIJA--INFORMACIÓN GENERAL
campo de control de longitud fija 041015s1899 pe |||| | spa d
040 ## - FUENTE DE CATALOGACIÓN
Centro catalogador/agencia de origen CAM
Lengua de catalogación spa
Centro/agencia transcriptor CAM
100 1# - ENTRADA PRINCIPAL--NOMBRE DE PERSONA
Nombre de persona Palma, Ricardo,
Fechas asociadas al nombre 1833-1919
9 (RLIN) 88616
245 10 - MENCIÓN DEL TÍTULO
Título Tradiciones y artículos históricos /
Mención de responsabilidad, etc. por Ricardo Palma.
260 ## - PUBLICACIÓN, DISTRIBUCIÓN, ETC.
Lugar de publicación, distribución, etc. Lima :
Nombre del editor, distribuidor, etc. [s.n.],
Fecha de publicación, distribución, etc. 1899 (
Fabricante Imp. Torres Aguirre)
300 ## - DESCRIPCIÓN FÍSICA
Extensión XXIII, 277 p. ;
Dimensiones 22 cm.
530 ## - NOTA DISPONIBLE DE FORMULARIO FÍSICO ADICIONAL
Nota de formato físico adicional disponible Disponible en formato digital.
650 #4 - PUNTO DE ACCESO ADICIONAL DE MATERIA--TÉRMINO DE MATERIA
Término de materia o nombre geográfico como elemento de entrada Leyendas-
Subdivisión geográfica Perú.
9 (RLIN) 15115
651 #4 - PUNTO DE ACCESO ADICIONAL DE MATERIA--NOMBRE GEOGRÁFICO
Nombre geográfico Perú-
Subdivisión general Historia.
9 (RLIN) 9224
852 ## - LOCALIZACIÓN
Ubicación ES-MaACL
Número de control de estantería F-5544
Nota libre -- Enc. hol.
856 ## - LOCALIZACIÓN Y ACCESO ELECTRÓNICOS
Identificador Uniforme de Recursos <a href="http://bdh-rd.bne.es/viewer.vm?id=0000187498&page=1 ">http://bdh-rd.bne.es/viewer.vm?id=0000187498&page=1 </a>
Nota pública Biblioteca Digital Hispánica
Holdings
Estatus retirado Estado de pérdida Estado de daño No para préstamo Colección Biblioteca de origen Biblioteca actual Ubicación en estantería Fecha de adquisición Fuente de adquisición Total de préstamos Signatura topográfica completa Código de barras Visto por última vez Precio de reemplazo Tipo de ítem Koha
        Colección digital Biblioteca del Ateneo de Madrid Biblioteca del Ateneo de Madrid Depósito 2 17/01/2008     F-5544 1168968 23/02/2023 23/02/2023 Libro impreso antiguo